00536nam a22001697a 450000500170000001000150001702000260003203500130005803700130007108200120008410000190009624501040011526000360021927000560025530000210031150000340033220160527114840.0 aENG-115168 a9789385288738c450.00 aEN-98700 bDBAD/PUB a613.954 aNagoski, Emily aCome as you are :cby Emily Nagoskibthe surprising new science that will transform your sex life / aNew DelhibSpeaking Tigerc2015 a4381/4, Ansari Road, Daryaganj,bNew Delhi e110002 a389p.c20cm(pbk) aIncludes references and index